MODELS OF THE KLEIN BOTTLE

Bibliographic Details
Main Author: Hejný, Milan, 1936- (Author)
Format: Article
Language:English

MARC

LEADER 00000nab a2200000uu 4500
001 vtls010907073
003 SK-MaSNL
005 20260303142456.0
008 230222|1979 xo |||||||||||||||||eng|
015 |a SNBRB 
035 |a (urnnbn)urn:nbn:sk:snk:ar-a07xaj 
035 |a (uuid)3af50560-2879-4e83-8402-ef377bed792d 
035 |a urn:nbn:sk:snk-ab8x9y 
040 |a SNKBUCL  |b slo  |c SNKBUCL  |e AACR2 
041 0 |a eng 
044 |a xo  |c SK 
100 1 |a Hejný, Milan,  |d 1936-  |4 aut  |9 105416 
245 1 0 |a MODELS OF THE KLEIN BOTTLE  |c Milan Hejný 
773 0 |t Acta Facultatis rerum naturalium Universitatis Comenianae  |g Roč. 34, č. 34 (1979), s. 57-61 
958 |a OND 
958 |a EUIPO 
958 |a article10 
999 |c 1983255  |d 1985185